| 000 | 004460000a22001690004500 | ||
|---|---|---|---|
| 003 | MACL | ||
| 005 | 20151227125838.0 | ||
| 008 | 151227b xxu||||| |||| 00| 0 eng d | ||
| 040 |
_aMACL _cmacl |
||
| 041 | _aEnglish | ||
| 082 | _a020.9/SHE | ||
| 100 |
_aShera, J H _923140 |
||
| 245 | _aSociological foundations of Libraryanship | ||
| 260 |
_bAsia Publishing House _c1970 _aBombay |
||
| 650 |
_aLib. Science _923141 |
||
| 942 |
_cBK _k020.9/she _2ddc |
||
| 999 |
_c35915 _d35915 |
||